The Elements of Statistical Learning : (Record no. 12935)
[ view plain ]
| 000 -LEADER | |
|---|---|
| fixed length control field | 01597cam a22003254a 4500 |
| 001 - CONTROL NUMBER | |
| control field | 12377617 |
| 005 - DATE AND TIME OF LATEST TRANSACTION | |
| control field | 20080306084548.0 |
| 008 - FIXED-LENGTH DATA ELEMENTS--GENERAL INFORMATION | |
| fixed length control field | 010412s2001 nyua b 001 0 eng |
| 010 ## - LIBRARY OF CONGRESS CONTROL NUMBER | |
| LC control number | 2001031433 |
| 020 ## - INTERNATIONAL STANDARD BOOK NUMBER | |
| International Standard Book Number | 0387952845 (alk. paper) |
| 040 ## - CATALOGING SOURCE | |
| Original cataloging agency | DLC |
| Transcribing agency | DLC |
| Modifying agency | DLC |
| 042 ## - AUTHENTICATION CODE | |
| Authentication code | pcc |
| 050 00 - LIBRARY OF CONGRESS CALL NUMBER | |
| Classification number | Q325.75 |
| Item number | H37 2001 |
| 082 00 - DEWEY DECIMAL CLASSIFICATION NUMBER | |
| Classification number | 003.1 |
| Edition number | 22 |
| Item number | HAS |
| 100 1# - MAIN ENTRY--PERSONAL NAME | |
| Personal name | Hastie, Trevor. |
| 9 (RLIN) | 9441 |
| 245 14 - TITLE STATEMENT | |
| Title | The Elements of Statistical Learning : |
| Remainder of title | Data Mining, Inference, and Prediction: With 200 full-color illustrations / |
| Statement of responsibility, etc | Trevor Hastie, Robert Tibshirani, Jerome Friedman. |
| 260 ## - PUBLICATION, DISTRIBUTION, ETC. (IMPRINT) | |
| Place of publication, distribution, etc | New York : |
| Name of publisher, distributor, etc | Springer, |
| Date of publication, distribution, etc | c2001. |
| 300 ## - PHYSICAL DESCRIPTION | |
| Extent | xvi, 533 p. : |
| Other physical details | col. ill. ; |
| Dimensions | 25 cm. |
| 490 ## - Series Statement | |
| Series statement | Springer series in statistics |
| 500 ## - GENERAL NOTE | |
| General note | Donated by: Alaa Abdel Ghany |
| 504 ## - BIBLIOGRAPHY, ETC. NOTE | |
| Bibliography, etc | Includes bibliographical references (p. [509]-522) and indexes. |
| 650 #0 - SUBJECT ADDED ENTRY--TOPICAL TERM | |
| Topical term or geographic name as entry element | Supervised learning (Machine learning) |
| 9 (RLIN) | 9442 |
| 700 1# - ADDED ENTRY--PERSONAL NAME | |
| Personal name | Tibshirani, Robert. |
| 9 (RLIN) | 9443 |
| 700 1# - ADDED ENTRY--PERSONAL NAME | |
| Personal name | Friedman, J. H. |
| Fuller form of name | (Jerome H.) |
| 9 (RLIN) | 9444 |
| 856 42 - ELECTRONIC LOCATION AND ACCESS | |
| Materials specified | Publisher description |
| Uniform Resource Identifier | <a href="http://www.loc.gov/catdir/enhancements/fy0813/2001031433-d.html">http://www.loc.gov/catdir/enhancements/fy0813/2001031433-d.html</a> |
| 856 41 - ELECTRONIC LOCATION AND ACCESS | |
| Materials specified | Table of contents only |
| Uniform Resource Identifier | <a href="http://www.loc.gov/catdir/enhancements/fy0813/2001031433-t.html">http://www.loc.gov/catdir/enhancements/fy0813/2001031433-t.html</a> |
| 942 ## - ADDED ENTRY ELEMENTS (KOHA) | |
| Source of classification or shelving scheme | Dewey Decimal Classification |
| Item type | Book - Borrowing |
| Withdrawn status | Item status | Source of classification or shelving scheme | Damaged status | Not for loan | Vendor | Home library | Current library | Shelving location | Date acquired | Source of acquisition | Total Checkouts | Total Renewals | Full call number | Barcode | Date last seen | Date last borrowed | Koha item type |
|---|---|---|---|---|---|---|---|---|---|---|---|---|---|---|---|---|---|
| Dewey Decimal Classification | Alahram | Central Library | Central Library | Lower Floor | 18/11/2009 | Donation | 1 | 15 | 003.1 HAS | 000018995 | 15/07/2025 | 30/05/2021 | Book - Borrowing |